| Поле | Инд. | ПП | Название | Значение |
|---|---|---|---|---|
| Тип записи | a | |||
| Библиографический уровень | m | |||
| 001 | Контрольный номер | 2baa75952aa64b5a899d9bb7903d5b71 | ||
| 005 | Дата корректировки | 20260702161123.1 | ||
| 040 | a | Служба первич. каталог. | 10013504 | |
| 090 | a | Полочн. индекс | 620.4(075) | |
| x | Авторский знак | О-926 | ||
| 245 | 10 | a | Заглавие | Охрана труда на предприятиях связи |
| b | Продолж. заглавия | учебник для электротехнических институтов связи, специальностей 0702, 0703, 0708 | ||
| c | Ответственность | под ред. Н.И. Баклашова | ||
| 260 | a | Место издания | Москва | |
| b | Издательство | Радио и связь | ||
| c | Дата издания | 1985 | ||
| 300 | a | Объем | 280 с. | |
| b | Иллюстрации/ тип воспроизводства | ил. | ||
| 500 | a | Примечание | Авт. указаны на обороте тит. л. | |
| 504 | a | Библиография | Предм. указ.: с. 274-277 | |
| 504 | a | Библиография | Библиогр.: с. 273 (21 назв.) | |
| 653 | 0_ | a | Ключевые слова | ОХРАНА ТРУДА - СВЯЗЬ, ПРЕДПРИЯТИЯ; ОХРАНА ТРУДА - УЧЕБНИКИ И ПОСОБИЯ |
| 700 | 12 | a | Другие авторы | Баклашов Н.И. |
| 700 | 12 | a | Другие авторы | Китаева Н.Ж. |
| 700 | 12 | a | Другие авторы | Короткова Н.А. |
| 700 | 12 | a | Другие авторы | Шемарина А.А. |
| 900 | a | Имя макрообъекта | обложка.Охрана труда на предприятиях связи . Н.И. Баклашов,1985 | |
| 901 | t | Тип документа | m | |
| 952 | a | Тип литературы для КСУ ВШ | КУчР | |
| b | Гриф литературы для ВШ | допущено Минсвязи | ||
| c | Вид литературы | учебник |